000
00307 a2200121 4500
000
nam a22 7a 4500
005
20260206114644.0
020
_a
9789395226837
100
_a
Jaysingh Neerad
_9
1114128
245
_a
Aadhunikta Ke Hashiye Mein Urvashi
260
_b
Adwait Prakashan
_c
2025
942
_c
TEXL
999
_c
1678782
_d
1678782